| 000 | 00451nam a2200169Ia 4500 | ||
|---|---|---|---|
| 008 | 230718s9999 xx 000 0 und d | ||
| 020 | _a9780198071891 | ||
| 041 | _aeng | ||
| 082 |
_a621.395 _bALL |
||
| 100 |
_aAllen P.E. _9128861 |
||
| 245 | _aCMOS Analog Circuit Design | ||
| 250 | _a2nd ed. | ||
| 260 | _bOxford University Press | ||
| 365 |
_cRs. _b475.00 |
||
| 700 | _aAllen P.E. & Holberg D.R. | ||
| 906 |
_dB:1005124-Nov-2011 _cETC _b118.75 |
||
| 999 |
_c329351 _d329351 |
||